000
00268nam a2200109Ia 4500
008
230907s9999||||xx |||||||||||||| ||und||
082
_a
629.2
_b
LIN
245
0
_a
Systems of Commercial Turbofan Engines /
260
_a
Springer,
_c
2008
300
_a
234 p.
942
_c
BK
999
_c
598543
_d
598543